000 00648nam a2200229Ia 4500
001 9358
003 GE_BSU
008 181216s||||||||xx |||||||||||||| ||und||
040 _cGE_BSU
080 _a821.353.1–31
100 _aმაისურაძე,გოგი
245 _aკერპი და ჯვარი
245 _bრომანი
245 _cრედ.ვ.პეტრიაშვილი
260 _aთბილისი
260 _bმერანი
260 _c1988
300 _a789გვ.22სმ.
653 _aკერპი და ჯვარი
653 _aრომანი
942 _cBK
999 _c42654
_d42654